000 00684 a2200169 4500
020 _a0801643678
050 _aHV3006
_b.A4S38
100 _aSchulman, Eveline D
_d1915-
_qEveline D.,Schulman .
_95822
245 _aFocus on the retarded adult :
_bprograms and services /
_cEveline D.,Schulman .
260 _aSt. Louis :
_bMosby ;
_cc1980.
300 _axv, 535 p . :
_bill . ;
_c26 cm .
504 _aincludes bibliography reference and index
650 _aPeople with mental disabilities
_xUnited States.
_95823
650 _a
_95824
650 _aPeople with mental disabilities
_x Services for -- United States.
_95825
942 _2lcc
_cBK
_n0
999 _c2816
_d2816